000 00344nam a22001217a 4500
999 _c9527
_d9527
003 OSt
008 201203b ||||| |||| 00| 0 eng d
245 _aSadhana Academy Proceedings in Engineering Sciences
250 _a2015(Oct Vol.40 No.7, Dec Vol.40 No.8)
260 _aBengaluru
_bSpringer
650 _aMechanical Engineering
942 _2ddc
_cBV